| 000 | 00654nam a2200241Ia 4500 | ||
|---|---|---|---|
| 003 | OSt | ||
| 005 | 20230413160055.0 | ||
| 008 | 210423s2009 xx 000 0 und d | ||
| 020 | _a100070249075 | ||
| 040 | _cAL | ||
| 041 | _aeng | ||
| 082 |
_a332.6 _223 _b PRAS |
||
| 100 |
_aPRASANNA CHANDRA _988343 |
||
| 245 | _aInvestment analysis and portfolio management | ||
| 250 | _a3 | ||
| 260 |
_aNew Delhi _bTata McGraw-hill _c2009 |
||
| 300 |
_axxii,734 _bPB |
||
| 365 |
_b425 _cINR |
||
| 650 |
_aFinancial Economics _988344 |
||
| 650 |
_aInvestment Management _988345 |
||
| 906 | _aanalysis ; Investment ; management ; portfolio | ||
| 942 |
_2ddc _cBK |
||
| 999 |
_c157456 _d157456 |
||